Statistics for 2022 Europa League Final Eintracht Frankfurt - Rangers FC

Click here to take the quiz!

General Stats

  • This quiz has been taken 224 times
  • The average score is 15 of 35

Answer Stats

Player% Correct
James Tavernier
71%
Kevin Trapp
71%
Ryan Kent
68%
Allan McGregor
67%
Joe Aribo ¹
65%
Ryan Jack
64%
Rafael Borré ¹
60%
Connor Goldson
58%
Aaron Ramsey
54%
Filip Kostić
52%
Calvin Bassey
50%
Daichi Kamada
49%
Borna Barišić
47%
Giovanni van Bronckhorst
47%
Evan Ndicka
46%
Glen Kamara
44%
John Lundstram
44%
Sebastian Rode
44%
Jesper Lindstrøm
41%
Scott Wright
41%
Tuta
39%
Ansgar Knauff
38%
Kemar Roofe
38%
Steven Davis
37%
Djibril Sow
35%
Fashion Sakala
34%
Makoto Hasebe
33%
Scott Arfield
33%
Almamy Touré
28%
Oliver Glasner
27%
Christopher Lenz
24%
Kristijan Jakić
24%
Ajdin Hrustic
20%
James Sands
20%
Jens Petter Hauge
14%

Score Distribution

Percentile by Number Answered

Percent of People with Each Score

Your Score History

You have not taken this quiz